Central Library OPAC University of Rajshahi
Normal view MARC view

Entry Topical Term

Number of records used in: 3

001 - CONTROL NUMBER

  • control field: 16598

003 - CONTROL NUMBER IDENTIFIER

  • control field: BD-RjUL

005 - DATE AND TIME OF LATEST TRANSACTION

  • control field: 20250813114203.0

008 - FIXED-LENGTH DATA ELEMENTS

  • fixed length control field: 250813|| aca||aabn | a|a d

040 ## - CATALOGING SOURCE

  • Original cataloging agency: BD-RjUL
  • Transcribing agency: BD-RjUL

150 ## - HEADING--TOPICAL TERM

  • Topical term or geographic name entry element: Allied forces in Italy
  • General subdivision: campaigns & battles

670 ## - SOURCE DATA FOUND

  • Source citation: Work cat.: (BD-RjUL)85531: United Kingdom Govt . 16595, The tiger triumph /, 1949